000 00995nam a2200301 a 4500
001 BRL_1033
005 20190320211015.0
008 041113s1974----nyuao#####---#000-0#eng-#
020 _a0517516675
041 _aeng
044 _anyu
050 4 _aNK5440.P3
_b.H65 1974
100 1 _aHollister, Paul
_925627
245 1 0 _aGlass paperweights of the New-York Historical Society
_cBy Paul Holllister ; Photographs by H. Landshoff ; Foreword by Mary Black.
260 _aNew York,
_bClarkson N. Potter
_c1974
300 _axiii, 210 p.
_bil. (algunas a color)
_c31 cm.
500 _aAu1163
500 _aIncluye índice.
500 _aEstado físico: tiene desgarrada la camisa
610 2 4 _aNew-York Historical Society
_925628
650 1 4 _aPisapapeles
_vCatálogos
_925629
650 1 4 _aCristalería
_vCatálogos
_925630
650 1 4 _aArtes decorativas
_vCatálogos
_914086
700 1 _aLandshoff, Herman
_eil.
_925631
700 1 _aBlack, Mary
_925632
902 _aGRL
942 _2lcc
_cB
999 _c9845
_d9845